The Paramedic Companion: A Case-Based Worktext (Record no. 617856)

MARC details
000 -LEADER
fixed length control field 00489nam a2200169 a 4500
008 - FIXED-LENGTH DATA ELEMENTS--GENERAL INFORMATION
fixed length control field 260318s2026##################000#0#eng##
020 ## - INTERNATIONAL STANDARD BOOK NUMBER
ISBN 9780073205328
Paper back/Hardbound pbk
082 04 - DEWEY DECIMAL CLASSIFICATION NUMBER
Classification number 362.18HSI
100 ## - MAIN ENTRY--AUTHOR NAME
Personal name Hsieh ,Arthur
245 10 - TITLE STATEMENT
Title The Paramedic Companion: A Case-Based Worktext
Statement of responsibility, etc / Arthur Hsieh,Kevin Boone
250 ## - EDITION STATEMENT
Edition statement 1st ed.
260 ## - PUBLICATION, DISTRIBUTION, ETC. (IMPRINT)
Place of publication New York:
Name of publisher Career Education,
Year of publication 2008.
300 ## - PHYSICAL DESCRIPTION
Number of Pages xvii,738p.
Dimensions ;27cm.
650 ## - SUBJECT ADDED ENTRY--TOPICAL TERM
Topical Term Public welfare
942 ## - ADDED ENTRY ELEMENTS (KOHA)
Koha item type English Books
Holdings
Withdrawn status Lost status Damaged status Not for loan Home library Current library Shelving location Date acquired Full call number Accession Number Price effective from Koha item type
        Anna Centenary Library Anna Centenary Library 4TH FLOOR, A WING 18.03.2026 362.18HSI 404815 18.03.2026 English Books

Find us on the map